000 00508nam a2200169 i 4500
001 150096
003 ES-MaACL
005 20250624062530.0
007 t|
008 071026s1961 sp ||||1| spa d
100 1 _aValle-Inclán, Ramón del,
_d1866-1936
_9112796
245 1 0 _aRetablo de la avaricia, la lujuria y la muerte /
_cRamón del Valle-Inclán.
260 _aMadrid :
_bEspasa-Calpe,
_c[1961]
300 _a209 p. ;
_c18 cm.
852 _aES-MaACL
_jC-20844
_bR.49378
999 _c150096
_d150096